logo

Bir Sreshtho Munshi Abdur Rouf Library
Jhenaidah Cadet College

Through speech to writing / (Record no. 569)

MARC details
000 -LEADER
fixed length control field 00686nam a2200229 a 4500
001 - CONTROL NUMBER
JCCL Control Number 569
003 - CONTROL NUMBER IDENTIFIER
JCCL marc code BD-JhCC
005 - DATE AND TIME OF LATEST TRANSACTION
control field 20171012091156.0
008 - FIXED-LENGTH DATA ELEMENTS--GENERAL INFORMATION
fixed length control field 500101r19551947enk 000 0 eng d
035 ## - SYSTEM CONTROL NUMBER
system control number OCLC ocm27634614 from D950901M
-- (BD-JhCC) 569
040 ## - CATALOGING SOURCE
Original cataloging agency BUQ
Transcribing agency BUQ
Modifying agency EQO
-- BD-JhCC
041 ## - LANGUAGE CODE
Language code of Book eng
082 ## - DEWEY DECIMAL CLASSIFICATION NUMBER
Classification number 420.7
Author mark and Year GLA 1955
100 1# - MAIN ENTRY--PERSONAL NAME
Personal name Glassey, Stanley Churchill.
245 10 - TITLE STATEMENT
Title Through speech to writing /
Statement of responsibility, etc Stanley Churchill Glassey
260 ## - PUBLICATION, DISTRIBUTION, ETC. (IMPRINT)
Place of publication, distribution, etc Oxford :
Name of publisher, distributor, etc Clarendon Press,
Date of publication, distribution, etc 1947 [Reprinted 1955]
300 ## - PHYSICAL DESCRIPTION
Pagination 160 p. : volume 1
Dimensions 18 cm.
650 ## - SUBJECT ADDED ENTRY--TOPICAL TERM
Topical term or geographic name as entry element English language
General subdivision Study and teaching
650 ## - SUBJECT ADDED ENTRY--TOPICAL TERM
Topical term or geographic name as entry element English language
General subdivision Writing
942 ## - ADDED ENTRY ELEMENTS (KOHA)
Source of classification or shelving scheme Dewey Decimal Classification
Koha item type Books
Holdings
Source of classification or shelving scheme Damaged status Not for loan Home library Current library Shelving location Date of accession Total Checkouts Full call number Barcode Date last seen Copy number Koha item type volume number
Dewey Decimal Classification     JCC Rouf Library JCC Rouf Library General Stacks 10/07/2017   420.7 GLA 1955 1049 10/07/2017 C-1 Books  
Dewey Decimal Classification     JCC Rouf Library JCC Rouf Library General Stacks     420.7 GLA 1955 7399 12/13/2017 C - 2 Books  
Dewey Decimal Classification     JCC Rouf Library JCC Rouf Library General Stacks 03/22/2018   420.7 GLA 1955 9287 03/22/2018 C-3 Books V-1

JCC Library | Contacts | JCC Home

Last Update on 23 September 2017
Copyright @ 2017-2020 JCC Rouf Library
Rouf Library, Jhenidah Cadet College (JCC), Bangladesh